| 000 | 01028cam a2200217 4500 | ||
|---|---|---|---|
| 001 | WB3828-03 | ||
| 008 | 020731n2002 000 0 eng u | ||
| 035 | _a(Sirsi) u119119 | ||
| 245 | _aRICS minds the gap | ||
| 260 | _c2002 | ||
| 490 |
_aRICS Press Release _v(pr098) 31July 2002, (2) |
||
| 520 | _aRICS has welcomed publication of House of Commons DTLR Select Committee report "Need for a new regeneration framework". Report recommends need to publicise government initiatives more effectively. RICS and ODPM will soon launch online guide to inform potential developers of Gap funding, and how to get it. More information at www.rics.org/ricscms/bin/show?class=News&template=/includes/shownews.html&id=1975 www.rics.org/ricscms/bin/show?class=PressRelease&template=/includes/showpr.html&id=785 | ||
| 590 | _aWB | ||
| 650 | _aBROWNFIELD SITES | ||
| 650 | _aGAP FUNDING | ||
| 650 | _aRDAS | ||
| 650 | _aREGIONAL DEVELOPMENT AGENCIES | ||
| 650 | _aGREENBELT | ||
| 690 | _aPROPERTY-PROPERTY DEVELOPMENT | ||
| 942 | _n0 | ||
| 999 |
_c70853 _d70853 |
||